Garden earth : an encyclopedia of plant life
| Format: | Book |
|---|---|
| Published: |
Amsterdam :
Time-Life Books ,
1991
|
| Subjects: |
MARC
| LEADER | 00000cam a2200000 7i4500 | ||
|---|---|---|---|
| 001 | 0000019034 | ||
| 005 | 20080613.0 | ||
| 008 | 080612 | ||
| 020 | |a 0705411133 | ||
| 090 | 0 | 0 | |a 630 |b GAR |
| 245 | 1 | 4 | |a Garden earth : |b an encyclopedia of plant life |c General editor by Professor D.M Moore |
| 260 | |a Amsterdam : |b Time-Life Books , |c 1991 | ||
| 650 | 0 | |a Environmentalism | |
| 650 | 0 | |a Plants |x Environmental aspects | |
| 999 | |a 0001015599 |b Book |c REFERENCE |e Cawangan Sri Merlong | ||